| 000 | 00944nam a2200277 i 4500 | ||
|---|---|---|---|
| 001 | 000020008 | ||
| 003 | DO-SdBNP | ||
| 005 | 20260520141525.0 | ||
| 007 | ta | ||
| 008 | 100712s1973 dr a 000 h spa d | ||
| 040 |
_aDO-SdBNP _bspa _cBNPHU _erda |
||
| 041 | _aspa | ||
| 082 | 4 |
_aRD867.44 _bP438e 1973 _222 |
|
| 100 | 1 |
_aPérez, Mario Emilio, _d1935- _922183 _eautor _4aut. |
|
| 245 | 1 | 0 |
_aEstampas dominicanas : _b(segunda selección) / _cMario Emilio Pérez. |
| 264 | 1 |
_aSanto Domingo : _bEditora Cultural Dominicana, _c1973. |
|
| 300 |
_a166 páginas : _bilustraciones ; _c22 cm. |
||
| 336 |
_atexto _btxt _2rdacontent |
||
| 337 |
_asin mediación _bn _2rdamedia |
||
| 338 |
_avolumen _bnc _2rdacarrier |
||
| 590 | _aInventariado, 2025/ YL | ||
| 650 | 7 |
_aHumorismo dominicano _9275 _2LIBRUNAM |
|
| 650 | 7 |
_aLiteratura folclórica dominicana _926923 _2LIBRUNAM |
|
| 910 | _aYLockward/ Validado. Control de calidad MMOLINA | ||
| 942 |
_2ddc _cLBS1 |
||
| 999 |
_c19520 _d19520 |
||